000
00320nam a2200121Ia 4500
008
220204s9999 xx 000 0 und d
082
_a
621.38
_b
TRI
100
_a
Triebel, Walter A
245
0
_a
Integrated digital electronics
260
_a
New Jersey
_b
Prentice Hall
_c
1979
650
_a
Digital electronics
942
_c
BK
999
_c
33099
_d
33099